Využití norem ISO 14001/EMAS v podnikové informační praxi
Zavádzanie ekologických opatrení do výrobného procesu podnikov v Čechách. Získanie certifikácie ISO 14001 na príklade firmy Tesla Sezam. Odporúčaný postup pri zavádzaní environmentálneho manažmentu do podnikového informačného systému.
Guardado en:
| Autor principal: | |
|---|---|
| Formato: | Capítulo de libro |
| Lenguaje: | checo |
| Materias: | |
| Etiquetas: |
Sin Etiquetas, Sea el primero en etiquetar este registro!
|
MARC
| LEADER | 00000naa$a2200000$$$4500 | ||
|---|---|---|---|
| 001 | 0018923 | ||
| 005 | 20221128124342.6 | ||
| 041 | 0 | |a cze | |
| 044 | |a SK | ||
| 245 | 1 | 0 | |a Využití norem ISO 14001/EMAS v podnikové informační praxi |c Dušan Smolík |
| 520 | |a Zavádzanie ekologických opatrení do výrobného procesu podnikov v Čechách. Získanie certifikácie ISO 14001 na príklade firmy Tesla Sezam. Odporúčaný postup pri zavádzaní environmentálneho manažmentu do podnikového informačného systému. | ||
| 610 | 2 | 0 | |a riadenie podnikové |
| 610 | 2 | 0 | |a stratégia podniková |
| 610 | 2 | 0 | |a manažment |
| 610 | 2 | 0 | |a ochrana prostredia životného |
| 610 | 2 | 0 | |a systémy informačné podnikové |
| 610 | 2 | 0 | |a normy ISO |
| 100 | 1 | |a Smolík, Dušan | |